Reforma de la administración local : informe / Ayuntamiento de Barcelona informe / Ayuntamiento de Barcelona

Publicat: Barcelona : Imp. de Hernich y Ca , 1907
Descripció física: 102 p. ; 24 cm

MARC

LEADER 00000nam a2200000Ia 4500
001 18482
008 160829s1907 xx 000 0 cat d
080 |a RF-3-4 
110 1 |a Barcelona (Catalunya).  |b Ajuntament  |9 50981 
245 |a Reforma de la administración local :  |b  informe / Ayuntamiento de Barcelona 
260 |a Barcelona :  |b Imp. de Hernich y Ca.,  |c 1907 
300 |a 102 p. ;  |c 24 cm 
650 0 |a Administració local  |z Barcelona  |9 40043 
856 4 |u https://media.diba.cat/diba/fitxers/arxiu/fulletons/bib_18482_1907_baixa.pdf  |y Accés lliure 
856 4 |u https://media.diba.cat/diba/fitxers/arxiu/fulletons/bib_18482_1907_baixa.pdf  |y Accés lliure 
901 |a Arxiu 
942 |n 1  |2 udc 
952 |0 0  |1 0  |4 0  |6 RF34  |7 1  |9 49384  |a Arxiu  |b Arxiu  |d 2016-12-01  |l 0  |o RF-3-4  |p 18482  |r 2016-12-01 00:00:00  |w 2016-12-01  |y ARXIU 
999 |c 53226  |d 53226 
900 |a bib_18482_1907_baixa.pdf